Morse Code - Statistics

General Stats
  • This quiz has been taken 4,048 times
  • The average score is 13 of 26
Answer Stats
Morse Code Letter % Correct
- - - O
82%
. E
77%
- - . G
62%
. - A
61%
. . . . H
60%
- T
59%
- . . D
57%
- - M
56%
. . . S
56%
- . - . C
54%
. . I
54%
- . - K
53%
- . . . B
51%
. - - W
50%
. - - . P
49%
- - . - Q
46%
- . N
45%
- . - - Y
43%
. - . . L
41%
. - . R
41%
- - . . Z
39%
- . . - X
38%
. . - U
35%
. - - - J
33%
. . - . F
31%
. . . - V
26%
No matching quizzes found
Score Distribution
Percent of People with Each Score
Percentile by Number Answered
Your Score History
You have not taken this quiz